Vykazovanie predaja výrobkov a tovaru podľa IFRS

Predaj výrobkov a tovaru patrí k najbežnejšej transakcii spoločnosti a preto sa jej venuje aj samostatný štandard IAS 18.

Na minha lista:
Detalhes bibliográficos
Autor principal: Tumpach, Miloš, 1970-
Formato: Capítulo de Livro
Idioma:eslovaco
Assuntos:
Tags: Adicionar Tag
Sem tags, seja o primeiro a adicionar uma tag!

MARC

LEADER 00000nla$a2200000$$$4500
001 0128484
005 20240502072453.8
041 0 |a slo 
044 |a SK 
245 1 0 |a Vykazovanie predaja výrobkov a tovaru podľa IFRS  |c Miloš Tumpach 
520 |a Predaj výrobkov a tovaru patrí k najbežnejšej transakcii spoločnosti a preto sa jej venuje aj samostatný štandard IAS 18. 
610 2 0 |a štandardy účtovné medzinárodné 
610 2 0 |a predaj 
610 2 0 |a výrobky 
610 2 0 |a tovar 
610 2 0 |a tržby 
610 2 0 |a IFRS 
100 1 |a Tumpach, Miloš, 1970-